Byene/Tettstedene i Norge over 2,000 innbyggere - Statistics

General Stats
  • This quiz has been taken 343 times
  • The average score is 66 of 236
Answer Stats
# Fylke* Befolkning By % Correct
1 Oslo 988,873 Oslo
99%
2 Hordaland 254,235 Bergen
98%
3 Rogaland 220,943 Stavanger / Sandnes
98%
4 Trøndelag 180,557 Trondheim
97%
16 Troms 38,980 Tromsø
93%
5 Buskerud 116,446 Drammen
92%
199 Buskerud 2,317 Ål
91%
8 Vest-Agder 61,536 Kristiansand
91%
141 Telemark 3,285
86%
9 Møre og Romsdal 52,163 Ålesund
85%
6 Østfold 111,267 Fredrikstad / Sarpsborg
85%
15 Nordland 40,705 Bodø
83%
7 Telemark 92,753 Porsgrunn / Skien
83%
27 Akershus 19,357 Ski
81%
17 Hedmark 27,324 Hamar
79%
11 Østfold 46,618 Moss
79%
10 Vestfold 51,571 Tønsberg
79%
23 Møre og Romsdal 20,863 Molde
78%
209 Vestfold 2,254 Sande
78%
24 Oppland 20,400 Lillehammer
76%
217 Rogaland 2,187 Hauge
75%
29 Møre og Romsdal 18,412 Kristiansund
75%
13 Vestfold 43,595 Sandefjord
75%
14 Aust-Agder 43,084 Arendal
74%
12 Rogaland 44,830 Haugesund
74%
53 Akershus 10,110 Ås
73%
18 Østfold 25,300 Halden
73%
32 Finnmark 15,094 Alta
71%
19 Vestfold 24,208 Larvik
71%
102 Akershus 4,743 Grønlund
69%
235 Rogaland 2,007 Moi
69%
34 Nordland 14,261 Narvik
68%
22 Troms 20,953 Harstad
66%
26 Oppland 20,112 Gjøvik
63%
41 Aust-Agder 12,899 Grimstad
63%
21 Buskerud 21,890 Kongsberg
63%
28 Nordland 18,685 Mo i Rana
59%
65 Finnmark 8,052 Hammerfest
58%
25 Vestfold 20,371 Horten
58%
31 Buskerud 15,662 Hønefoss
57%
33 Hedmark 14,877 Elverum
56%
120 Rogaland 3,825 Førdesfjorden
54%
45 Hedmark 12,014 Kongsvinger
54%
47 Rogaland 11,519 Egersund
53%
52 Sogn og Fjordane 10,315 Førde
53%
51 Vest-Agder 10,851 Mandal
53%
30 Akershus 17,687 Jessheim
52%
43 Trøndelag 12,744 Steinkjer
50%
38 Akershus 13,409 Drøbak
49%
61 Sogn og Fjordane 9,029 Florø
49%
54 Trøndelag 10,008 Levanger
48%
62 Trøndelag 8,367 Namsos
48%
35 Østfold 14,259 Askim
46%
67 Aust-Agder 7,644 Lillesand
46%
56 Nordland 9,841 Mosjøen
46%
86 Nordland 6,043 Sandnessjøen
45%
46 Rogaland 11,961 Bryne
44%
99 Akershus 5,017 Eidsvoll
44%
161 Buskerud 2,930 Gol
44%
44 Trøndelag 12,737 Stjørdalshalsen
44%
20 Hordaland 23,194 Askøy
41%
85 Vest-Agder 6,045 Flekkefjord
41%
121 Trøndelag 3,808 Røros
41%
97 Finnmark 5,064 Vadsø
41%
80 Møre og Romsdal 6,368 Volda
41%
83 Nordland 6,251 Fauske
40%
59 Telemark 9,077 Notodden
40%
180 Buskerud 2,499 Geilo
39%
64 Trøndelag 8,108 Orkanger / Fannrem
38%
73 Møre og Romsdal 7,230 Ørsta
38%
71 Vestfold 7,262 Holmestrand
37%
40 Vest-Agder 12,920 Vennesla
37%
96 Nordland 5,070 Brønnøysund
36%
91 Telemark 5,445 Kragerø
36%
107 Aust-Agder 4,626 Risør
36%
106 Nordland 4,630 Svolvær
36%
55 Hedmark 10,006 Brumunddal
35%
95 Hordaland 5,089 Odda
34%
109 Trøndelag 4,299 Oppdal
32%
196 Møre og Romsdal 2,337 Åndalsnes
30%
48 Rogaland 11,434 Kopervik
30%
90 Vestfold 5,628 Stavern
30%
36 Hordaland 14,171 Leirvik
29%
42 Akershus 12,803 Nesoddtangen
29%
179 Aust-Agder 2,503 Tvedestrand
29%
93 Nordland 5,345 Sortland
28%
58 Vest-Agder 9,259 Søgne
27%
68 Akershus 7,466 Kløfta
26%
37 Hordaland 13,601 Osøyro
26%
70 Oppland 7,315 Raufoss
26%
143 Telemark 3,247 Rjukan
26%
57 Hordaland 9,753 Arna
25%
133 Vest-Agder 3,420 Farsund
25%
110 Rogaland 4,263 Sauda
25%
49 Rogaland 11,308 Ålgård / Figgjo
24%
75 Rogaland 7,134 Jørpeland
24%
98 Vest-Agder 5,036 Lyngdal
24%
77 Østfold 6,513 Mysen
24%
69 Akershus 7,395 Vestby
24%
181 Finnmark 2,484 Honningsvåg
23%
60 Rogaland 9,066 Kleppe / Verdalen
23%
220 Buskerud 2,141 Nesbyen
23%
173 Oppland 2,588 Vinstra
23%
78 Hordaland 6,461 Vossevangen
23%
104 Troms 4,658 Finnsnes
22%
50 Hordaland 10,988 Knarrevik / Straume
22%
105 Østfold 4,634 Rakkestad
22%
84 Trøndelag 6,246 Melhus
21%
111 Hedmark 4,239 Moelv
21%
39 Akershus 13,156 Råholt
21%
169 Hedmark 2,730 Tynset
21%
208 Hedmark 2,263 Rena
20%
147 Buskerud 3,175 Vikersund
20%
134 Nordland 3,418 Leknes
19%
100 Akershus 4,910 Sørumsand
19%
127 Vestfold 3,631 Stokke
19%
182 Sogn og Fjordane 2,482 Stryn
19%
158 Vestfold 2,945 Tjøme
19%
63 Trøndelag 8,200 Verdalsøra
19%
66 Rogaland 7,846 Åkrehamn
18%
228 Svalbard 2,060 Longyearbyen
18%
142 Sogn og Fjordane 3,252 Måløy
18%
76 Trøndelag 6,949 Malvik
18%
138 Nordland 3,351 Stokmarknes
18%
113 Akershus 4,156 Ytre Enebakk
18%
89 Akershus 5,657 Fetsund
17%
167 Hedmark 2,805 Løten
17%
132 Møre og Romsdal 3,440 Hareid
16%
94 Trøndelag 5,290 Hommelvik
16%
101 Oppland 4,747 Jevnaker
16%
175 Møre og Romsdal 2,552 Skei-Surnadalsøra
16%
136 Rogaland 3,385 Skudeneshavn
16%
154 Hedmark 3,024 Stange
16%
162 Møre og Romsdal 2,920 Stranda
16%
115 Møre og Romsdal 4,064 Sunndalsøra
16%
117 Vestfold 3,955 Svelvik
16%
170 Nordland 2,693 Andenes
15%
151 Vestfold 3,091 Åsgårdstrand
15%
225 Oppland 2,076 Hov
15%
81 Buskerud 6,351 Åmot / Geithus
14%
202 Finnmark 2,283 Lakselv
14%
108 Møre og Romsdal 4,321 Sykkylven
14%
212 Finnmark 2,212 Båtsfjord
13%
137 Akershus 3,368 Bjørkelangen
13%
157 Oppland 2,964 Dokka
13%
187 Aust-Agder 2,462 Evje
13%
186 Troms 2,464 Setermoen
13%
87 Østfold 5,824 Spydeberg
13%
146 Rogaland 3,185 Tau
13%
112 Akershus 4,212 Årnes
12%
227 Trøndelag 2,066 Brekstad
12%
160 Sogn og Fjordane 2,938 Nordfjordeid
12%
152 Trøndelag 3,084 Rørvik
12%
191 Hedmark 2,397 Skarnes
12%
144 Rogaland 3,238 Varhaug
12%
103 Oppland 4,672 Brandbu / Jaren
11%
129 Møre og Romsdal 3,610 Fosnavåg
11%
172 Nordland 2,594 Rognan
11%
193 Møre og Romsdal 2,368 Vestnes
11%
219 Sogn og Fjordane 2,176 Høyanger
10%
150 Nordland 3,120 Løding
10%
128 Buskerud 3,630 Røyken
10%
194 Sogn og Fjordane 2,360 Sandane
10%
214 Vestfold 2,207 Andebu
9%
130 Finnmark 3,566 Bjørnevatn
9%
79 Rogaland 6,375 Hommersåk
9%
174 Trøndelag 2,563 Kyrksæterøra
9%
74 Rogaland 7,213 Nærbø
9%
118 Sogn og Fjordane 3,943 Sogndalsfjøra
9%
198 Trøndelag 2,331 Støren
9%
88 Møre og Romsdal 5,694 Ulsteinsvik
9%
159 Trøndelag 2,942 Buvika / Ilhaugen
8%
222 Nordland 2,114 Myre
8%
203 Hordaland 2,281 Norheimsund
8%
148 Sogn og Fjordane 3,170 Øvre Årdal
8%
199 Hordaland 2,317 Sunde / Valen
8%
177 Møre og Romsdal 2,533 Elnesvågen
7%
188 Troms 2,460 Skjervøy
7%
230 Oppland 2,055 Kapp
6%
140 Trøndelag 3,319 Klæbu
6%
82 Akershus 6,333 Rotnes
6%
92 Buskerud 5,350 Tranby
6%
189 Møre og Romsdal 2,423 Brattvåg
5%
191 Akershus 2,397 Fagerstrand
5%
164 Hordaland 2,848 Frekhaug
5%
156 Østfold 2,991 Lervik
5%
216 Nordland 2,192 Melbu
5%
223 Vestfold 2,113 Melsomvik
5%
234 Hordaland 2,013 Øystese
5%
190 Vestfold 2,403 Revetal / Bergsåsen
5%
153 Buskerud 3,082 Tofte
5%
163 Aust-Agder 2,851 Birkeland
4%
122 Akershus 3,731 Flateby
4%
204 Oppland 2,280 Harestua
4%
195 Hedmark 2,344 Innbygda
4%
125 Akershus 3,648 Maura
4%
123 Buskerud 3,685 Sætre
4%
171 Vestfold 2,685 Selvik
4%
185 Møre og Romsdal 2,465 Skodje
4%
205 Telemark 2,275 Ulefoss
4%
226 Rogaland 2,070 Vigrestad
4%
229 Buskerud 2,055 Åros
3%
155 Aust-Agder 3,010 Blakstad
3%
119 Hordaland 3,873 Fanahammeren
3%
213 Hordaland 2,210 Husnes
3%
72 Rogaland 7,249 Kvernaland
3%
184 Vest-Agder 2,478 Liknes
3%
124 Vest-Agder 3,658 Nodeland
3%
183 Vestfold 2,481 Sem
3%
215 Buskerud 2,202 Vang
3%
210 Møre og Romsdal 2,243 Vatne
3%
149 Buskerud 3,156 Vestfossen
3%
116 Hordaland 3,988 Ågotnes
2%
139 Akershus 3,347 Aursmoen
2%
114 Møre og Romsdal 4,083 Nordstrand
2%
131 Hordaland 3,444 Sagvåg
2%
168 Hordaland 2,788 Svortland
2%
126 Vestfold 3,642 Vear
2%
166 Akershus 2,825 Aulifeltet
1%
197 Østfold 2,233 Karlshus
1%
201 Rogaland 2,285 Lyefjell
1%
178 Østfold 2,515 Ryggebyen
1%
232 Østfold 2,039 Skjønhaug
1%
207 Østfold 2,265 Spetalen
1%
231 Vest-Agder 2,040 Vanse
1%
236 Oppland 2,004 Granrudmoen
0%
233 Vestfold 2,038 Gullhaug
0%
218 Nordland 2,177 Hauknes
0%
221 Sogn og Fjordane 2,139 Hermansverk / Leikanger
0%
206 Nordland 2,266 Løpsmarka
0%
145 Akershus 3,208 Løstad
0%
211 Akershus 2,222 Neskollen
0%
176 Møre og Romsdal 2,539 Rensvik
0%
135 Vest-Agder 3,412 Skålevik
0%
224 Akershus 2,110 Smestad
0%
165 Akershus 2,845 Teigebyen
0%
No matching quizzes found
Score Distribution
Percent of People with Each Score
Percentile by Number Answered
Your Score History
You have not taken this quiz